|
|
|
|
| LEADER |
01053nam a2200217 a 4500 |
| 001 |
GR-MES843 |
| 008 |
991111s gr 000 0 gre d |
| 020 |
|
|
|a 9602861754
|
| 040 |
|
|
|a GrPaTEI
|b gre
|c GR-PaULI
|
| 245 |
0 |
0 |
|a Ανθρώπινες σχέσεις.
|
| 260 |
|
|
|a Αθήνα :
|b Ελλην,
|c c1995
|
| 300 |
|
|
|a 215σελ. :
|b εικ.
|
| 504 |
|
|
|a Βιβλιογραφία: σελ.202-215
|
| 650 |
|
4 |
|a ΑΝΘΡΩΠΙΝΕΣ ΣΧΕΣΕΙΣ
|
| 650 |
|
4 |
|a Επικοινωνία
|
| 700 |
1 |
|
|a Καζάζη-Πατηνιώτη, Μαρία Γρ.
|
| 942 |
|
|
|2 ddc
|
| 952 |
|
|
|0 0
|1 0
|2 ddc
|4 0
|6 658_312000000000000_44_ΚΑΖ
|7 0
|9 264524
|a MSLG
|b MSLG
|c BSC
|d 2021-01-17
|e 24
|f 0
|g 0.00
|l 0
|o 658.312 44 ΚΑΖ
|p 2420000007085
|r 2021-01-17 00:00:00
|t 1
|w 2021-01-17
|y BK15
|x 19991111 0 1
|x GrPaTEI
|
| 952 |
|
|
|0 0
|1 0
|2 ddc
|4 0
|6 658_312000000000000_44_ΚΑΖ
|7 0
|9 264525
|a MSLG
|b MSLG
|c BSC
|d 2021-01-17
|e 24
|f 0
|g 0.00
|l 0
|o 658.312 44 ΚΑΖ
|p 2420000007343
|r 2021-01-17 00:00:00
|t 1
|w 2021-01-17
|y BK15
|x 19991111 0 1
|x GrPaTEI
|
| 971 |
|
|
|a .b25718848
|b 15-04-20
|c 13-09-16
|
| 999 |
|
|
|c 152150
|d 152150
|